The Oxford picture dictionary Monolingual

में बचाया:
ग्रंथसूची विवरण
मुख्य लेखक: Shapiro, Norma
अन्य लेखक: Adelson - Goldstein, Jayme
स्वरूप: पुस्तक
प्रकाशित: Oxford Oxford Univ. Press 2009
संस्करण:second edition
विषय:
टैग : टैग जोड़ें
कोई टैग नहीं, इस रिकॉर्ड को टैग करने वाले पहले व्यक्ति बनें!
Thư viện lưu trữ: Trung tâm Học liệu Lê Vũ Hùng, Trường Đại học Đồng Tháp
LEADER 00961pam a22003378a 4500
001 00036084
005 20171026081025.0
008 170118s2009 ||||||Engsd
020 # # |a 9780194740197  |c 252000 
041 0 # |a Eng 
082 1 4 |a 423  |b O435P 
100 1 # |a Shapiro, Norma 
245 1 4 |c Norma Shapiro, Jayme Adelson - Goldstein  |a The Oxford picture dictionary  |b Monolingual 
250 # # |a second edition 
260 # # |a Oxford  |b Oxford Univ. Press  |c 2009 
300 # # |a 305 tr.  |b ill.  |c 29 cm. 
653 # # |a Hình ảnh 
653 # # |a Tiếng Anh 
653 # # |a Tiếng Việt 
653 # # |a Từ điển 
700 1 # |a Adelson - Goldstein, Jayme 
852 # # |b Kho mượn  |j KM.0020413 
852 # # |b Kho đọc  |j KD.0017230 
852 # # |j KD.0017230  |j KM.0020413 
910 0 # |d 18/01/2017 
980 # # |a Trung tâm Học liệu Lê Vũ Hùng, Trường Đại học Đồng Tháp